Rozhodovanie v riadení v hospodárskych organizáciach

Na minha lista:
Detalhes bibliográficos
Autor principal: Hrebíčková, Marta
Formato: Livro
Idioma:eslovaco
Publicado em: Bratislava Práca 1986
Edição:1. vyd.
Colecção:Knižnica racionalizácie a riadenia Zv.3/86
Tags: Adicionar Tag
Sem tags, seja o primeiro a adicionar uma tag!

MARC

LEADER 00000nam a2200000 4500
001 c039521
005 20221219100838.3
041 0 |a slo 
044 |a SK 
245 1 0 |a Rozhodovanie v riadení v hospodárskych organizáciach  |c Marta Hrebíčková 
250 |a 1. vyd. 
264 1 |a Bratislava  |b Práca  |c 1986 
300 |a 154 s. 
490 1 |a Knižnica racionalizácie a riadenia  |v Zv.3/86 
830 0 |a Knižnica racionalizácie a riadenia  |v Zv.3/86 
100 1 |a Hrebíčková, Marta